01669cam a2200289Ia 4500020002200000040000800022082002600030245005800056260008200114300003400196490003500230500011400265520069800379650002001077650002001097650002001117650001101137650001401148650002001162650002101182700002201203700002501225700001801250710006001268710001201328710003901340 a925105116X (pbk.) cFQG a333 FOO 2004 A068 Or.00aSurveillance and zoning for aquatic animal diseases / aRome, Italy :bFood and Agriculture Organization of the United Nations,c2004 axviii, 73 p. :bill. ;c30 cm1 aFAO fisheries technical paper, a"Surveillance and zonation - a practical case study: Atlantic Canadian Oyster Disease surveillance"--P. 47-50 aThis document provides recommendations for surveillance and zoning that will be useful for designing national programmes aimed at reducing the risks of diseases resulting from transfers of live aquatic animals. It contains the collective expert opinion and recommendations made during an expert consultation, jointly organized by FAO, the Federal Department of Fisheries and Oceans Canada and the World Organisation for Animal Health (OIE), to determine what surveillance options can best support scientifically valid zonation frameworks. These recommendations are aimed at providing scientific advice to countries building national or regional aquatic animal health management infrastructures 0aAquatic animals 0aAquatic animals 0aAquatic animals 0aFishes 0aShellfish 0aAquatic animals 0aSeafood industry1 aSubasinghe, R. P.1 aMcGladdery, Sharon E1 aHill, Barry J2 aFood and Agriculture Organization of the United Nations1 aCanada.2 aInternational Office of Epizootics